<?xml version="1.0" encoding="UTF-8"?>
<marc:record xmlns:marc="http://www.loc.gov/MARC21/slim">
   <marc:leader>00000nam a2200000 a 4500</marc:leader>
   <marc:datafield ind1="1" ind2=" " tag="100">
      <marc:subfield code="a">Silver, Josie</marc:subfield>
      <marc:subfield code="4">aut</marc:subfield>
      <marc:subfield code="e">Verfasser/-in</marc:subfield>
   </marc:datafield>
   <marc:datafield ind1="1" ind2=" " tag="100">
      <marc:subfield code="a">Schröder, Babette</marc:subfield>
      <marc:subfield code="4">trl</marc:subfield>
      <marc:subfield code="e">Übersetzer/-in</marc:subfield>
   </marc:datafield>
   <marc:datafield ind1=" " ind2=" " tag="653">
      <marc:subfield code="a">young adults</marc:subfield>
   </marc:datafield>
   <marc:datafield ind1="0" ind2="0" tag="245">
      <marc:subfield code="a">Zwei in einem Herzen</marc:subfield>
   </marc:datafield>
   <marc:datafield ind1="0" ind2="0" tag="245">
      <marc:subfield code="b">Roman</marc:subfield>
   </marc:datafield>
   <marc:datafield ind1="0" ind2="0" tag="245">
      <marc:subfield code="c">Josie Silver. Babette Schröder</marc:subfield>
   </marc:datafield>
   <marc:datafield ind1=" " ind2="1" tag="264">
      <marc:subfield code="a">München</marc:subfield>
      <marc:subfield code="b">Heyne, Wilhelm</marc:subfield>
      <marc:subfield code="c">2020</marc:subfield>
   </marc:datafield>
   <marc:datafield ind1="1" ind2=" " tag="520">
      <marc:subfield code="a">Als Lydias große Liebe Freddie mit Ende Zwanzig bei einem tragischen Verkehrsunfall ums Leben kommt, bricht für sie eine Welt zusammen. Nur in ihren Träumen, in denen sie Freddie begegnet, kann sie glücklich sein. Doch Lydia findet Trost bei Jonah, Freddies bestem Freund, der neben ihm saß, als der Unfall passierte. Jonah ist der einzige Mensch, der Lydias Schmerz wirklich verstehen kann, der Einzige, für den Freddie genauso wichtig war wie für sie. Und als Jonah an einem Silvesterabend vor ihrer Tür steht, scheint aus ihrer Freundschaft etwas anderes geworden zu sein. Doch beide wissen, dass diese Liebe niemals sein darf</marc:subfield>
   </marc:datafield>
   <marc:datafield ind1=" " ind2=" " tag="020">
      <marc:subfield code="a">2115016010306</marc:subfield>
      <marc:subfield code="9">2115016010306</marc:subfield>
   </marc:datafield>
   <marc:datafield ind1=" " ind2=" " tag="041">
      <marc:subfield code="a">ger</marc:subfield>
   </marc:datafield>
   <marc:datafield ind1=" " ind2=" " tag="300">
      <marc:subfield code="a">479 S.</marc:subfield>
   </marc:datafield>
</marc:record>
